Cool orchids and how grow them (Record no. 6714)

MARC details
000 -CABECERA
campo de control de longitud fija 00652nam a2200217 a 4500
001 - NÚMERO DE CONTROL
campo de control BRCA_7033
005 - FECHA Y HORA DE LA ÚLTIMA TRANSACCIÓN
campo de control 20190320205701.0
008 - DATOS DE LONGITUD FIJA--INFORMACIÓN GENERAL
campo de control de longitud fija 291111s1874----enka######---#001-0#eng-#
041 ## - CÓDIGO DE LENGUA
Código de lengua del texto/banda sonora o título independiente eng
044 ## - CÓDIGO DEL PAÍS DE LA ENTIDAD EDITORA/PRODUCTORA
Código MARC del país enk
050 #4 - SIGNATURA TOPOGRÁFICA DE LA BIBLIOTECA DEL CONGRESO
Número de clasificación SB409
Número de documento/Ítem .B86 1874
245 10 - MENCIÓN DE TÍTULO
Título Cool orchids and how grow them
Resto del título with a descriptive list of all the best species in cultivation
Mención de responsabilidad, etc. F. W. Burbidge
260 ## - PUBLICACIÓN, DISTRIBUCIÓN, ETC.
Lugar de publicación, distribución, etc. Londres
Nombre del editor, distribuidor, etc. R. Hardwicke
Fecha de publicación, distribución, etc. 1874
300 ## - DESCRIPCIÓN FÍSICA
Extensión 160 p.
Otras características físicas il. (algunas a color)
Dimensiones 18 cm.
500 ## - NOTA GENERAL
Nota general Incluye índice de ilustraciones y glosario
500 ## - NOTA GENERAL
Nota general I179
650 14 - PUNTO DE ACCESO ADICIONAL DE MATERIA--TÉRMINO DE MATERIA
Término de materia o nombre geográfico como elemento de entrada Orquídeas
9 (RLIN) 7665
700 1# - PUNTO DE ACCESO ADICIONAL--NOMBRE DE PERSONA
Nombre de persona Burbidge, F. W.
9 (RLIN) 17482
902 ## - CATALOGADOR
Iniciales GFM
942 ## - ELEMENTOS DE PUNTO DE ACCESO ADICIONAL (KOHA)
Fuente del sistema de clasificación o colocación Library of Congress Classification
Tipo de ítem Koha Libros
Holdings
Estado de retiro Estado de pérdida Estado dañado No para préstamo Localización permanente Ubicación/localización actual Fecha de adquisición Número de inventario Total de préstamos Signatura topográfica completa Código de barras Fecha visto por última vez Precio válido a partir de Tipo de ítem Koha
El ejemplar forma parte de la colección y puede ser consultado según las políticas vigentes.       Biblioteca del Museo Franz Mayer (Rogerio Casas-Alatriste) Biblioteca del Museo Franz Mayer (Rogerio Casas-Alatriste) 29/11/2011 I179   SB409 .B86 1874 (I179) 7480 22/03/2019 22/03/2019 Libros